MARC

LEADER 00000nam0a2200000 4500
001 246363
005 20231101232211.0
010 |a 5343003699 
020 |a RU  |b 90-50217 
035 |a (RuTPU)RU\TPU\book\267811 
090 |a 246363 
100 |a 20131130d1990 k a0rusy5003 ca 
101 0 |a rus 
102 |a BY 
105 |a y e 000zy 
200 1 |a Экономический словарь  |f В. Г. Золотогоров, Г. Ф. Кузнецова, М. Ю. Пасюк 
205 |a 2-е изд., перераб. и доп. 
210 |a Минск  |c Навука i тэхнiка  |d 1990 
215 |a 413 с. 
606 1 |a Экономика  |2 stltpush  |3 (RuTPU)RU\TPU\subj\26549  |9 50450 
610 1 |a словари 
610 1 |a Словари по экономике 
610 1 |a термины 
610 1 |a понятия 
610 1 |a промышленность 
610 1 |a объединения 
610 1 |a социально-экономическое развитие 
610 1 |a хозяйственный механизм 
610 1 |a перестройка 
675 |a Уя2  |z rus 
700 1 |a Золотогоров  |b В. Г.  |g Владимир Григорьевич  |4 070 
701 1 |a Кузнецова  |b Г. Ф.  |g Галина Федоровна 
701 1 |a Пасюк  |b М. Ю.  |g Михайи Юльянович 
801 0 |a RU  |b RuMRKP  |c 19950417  |g psbo 
801 1 |a RU  |b 63413507  |c 20131130 
801 2 |a RU  |b 63413507  |c 20131202  |g RCR 
942 |c BK